Reke - Julijske Alpe - Statistics

General Stats
  • This quiz has been taken 156 times
  • The average score is 15 of 17
Answers on the Map
Answers color-coded by a green-red scale on the quiz's map according to % correct below.
 
Answer Stats
Answer % Correct
Kokra
94%
Kneža
92%
Bača
91%
Gradaščica
91%
Sava
91%
Žiri
91%
Koritnica
90%
Poljanska Sora
90%
Selška Sora
90%
Tolminka
90%
Idrijca
88%
Soča
88%
Savica
86%
Triglavska Bistrica
86%
Tržiška Bistrica
83%
Idrija
79%
Slap Boka
79%
No matching quizzes found
Score Distribution
Percent of People with Each Score
Percentile by Number Answered
Your Score History
You have not taken this quiz